Loading...
History - American History | 1 | 2 | 1 | 2 | 30 | 44 | 99.00 | 0 | 2 |
History - World History | 0 | 2 | 0 | 1 | 20 | 91 | 105.50 | 0 | 1 |
Beliefs | 0 | 2 | 1 | 0 | 15 | 114 | 122.50 | 0 | 1 |
Current Events | 0 | 1 | 0 | 1 | 10 | 124 | 124.00 | 0 | 1 |
Science - Chemistry | 0 | 1 | 0 | 1 | 10 | 120 | 120.00 | 0 | 1 |
History - Ancient History | 0 | 1 | 0 | 1 | 10 | 126 | 126.00 | 0 | 0 |
Science - Biology | 0 | 1 | 0 | 0 | 10 | 83 | 83.00 | 1 | 1 |
Literature - European Literature | 0 | 1 | 0 | 0 | 10 | 83 | 83.00 | 0 | 1 |
Social Science | 0 | 2 | 3 | 0 | 5 | 92 | 94.50 | 1 | 2 |
History - European History | 0 | 1 | 1 | 0 | 5 | 77 | 77.00 | 0 | 1 |
Philosophy | 0 | 0 | 1 | 0 | -5 | 0.00 | 0 | 0 | |
Geography | 0 | 0 | 1 | 0 | -5 | 0.00 | 0 | 0 | |
History - Other History | 0 | 0 | 2 | 0 | -10 | 0.00 | 0 | 0 |